000 00769nam0a22002531 4500
001 rc\3935
005 20250620111602.0
010 _a5-88590-388-3
_935000
035 _a(NLR Aleph) 005294200
090 _a6221738
_c6221738
100 _a20021204d1995 |||y0rusy50 ca
101 0 _arus
102 _aRU
105 _ay |||||||||
200 1 _aКобра 3
_e[Роман
_eПер. с англ.]
_fТимоти Зан
210 _aСмоленск
_cФирма "Русич"
_d1995
215 _a461, [1] с.
_d21
225 1 _aСокровищница боевой фантастики и приключений
700 1 _aЗан
_bТ.
_gТимоти
801 0 _aRU
_bNLR
_gpsbo
801 1 _aRU
_bELAR
_2rusmarc
852 _aNLR
_j96-3/3078
942 _cBOOK
980 _aNB